000 004550000a22001810004500
003 MACL
005 20151231132008.0
008 151231b xxu||||| |||| 00| 0 eng d
040 _aMACL
_cMACL
041 _aEnglish
082 _a370/LAN
100 _aLane, W H H
_925632
245 _aPractical Book Keeping
_bPart 1 elementary
260 _bMacdonald & Evans
_c1958
_aLondon
350 _a10
650 _aEducation
_925633
942 _cBK
_k370/LAN
_2ddc
999 _c35971
_d35971